Cambridge-iek testvérvárosi vizitje

Elmentve itt :
Bibliográfiai részletek
Dokumentumtípus: Cikk
Megjelent: 2005-05-11
Sorozat:Délmagyarország 95 No. 109
Kulcsszavak:Szeged, Ópusztaszer, Eseménynaptár Szeged 2005. 05., Várospolitika nemzetközi kapcsolatok testvérváros Szeged-Cambridge, Somogyi-könyvtár (Szeged), Ópusztaszeri Nemzeti Történeti Emlékpark
Online Access:http://dmarchiv.bibl.u-szeged.hu/134674
LEADER 00595nab a2200145 i 4500
001 delm134674
005 20191209132616.0
008 191209s2005 hu o 0|| hun d
040 |a SZTE Délmagyarország Archívum  |b hun 
041 |a hun 
245 0 0 |a Cambridge-iek testvérvárosi vizitje  |h [elektronikus dokumentum] 
260 |c 2005-05-11 
300 |a 4 
490 0 |a Délmagyarország  |v 95 No. 109 
695 |a Szeged, Ópusztaszer, Eseménynaptár Szeged 2005. 05., Várospolitika nemzetközi kapcsolatok testvérváros Szeged-Cambridge, Somogyi-könyvtár (Szeged), Ópusztaszeri Nemzeti Történeti Emlékpark